000 00746nam a2200169 a 4500
008 190522s2018 ||||||||||||||||| || u
020 _a9781587134371
050 _aQA 76.9.A25 Ccn
110 _aCISCO Networking Academy
245 1 0 _aCCNA cybersecurity operations course booklet
_cBy CISCO Networking Academy
260 _aIndianaplois
_bCISCO Networking Academy
_c2018
300 _axxii, 314 pages : illustrations
350 _a50.16
650 0 _aCOMPUTER NETWORKS--SECURITY MEASURES--EXAMINATIONS--STUDY GUIDES
650 _aCOMPUTER SECURITY--EXAMINATIONS--STUDY GUIDE
995 _FCBU-MAIN LIBRARY (Kitwe)
_I50.16
_M1
_UAVAILABLE
_WJun 12, 2019
_ZMain Library Open Access Collection
999 _c36912
_d36912